Metapopulations and wildlife conservation / (Registro nro. 2543)

Detalles MARC
000 -CABECERA
Campo de control 00958cam a2200265 i 4500
005 - FECHA Y HORA DE LA ULTIMA TRANSACCION
Campo de control 20200104041533.0
008 - ELEMENTOS DE LONGITUD FIJA—INFORMACION GENERAL
Campo de control 960313t1996 -usabd frb 101 0 eng
020 ## - ISBN
ISBN 155963457X (cloth)
020 ## - ISBN
ISBN 1559634588 (paper)
040 ## - FUENTE DE CATALOGACIÓN
Agencia catalogadora original DLC
Agencia transcriptora DLC
Agencia Modificadora DLC
-- CO-BoIAVH
041 0# - IDIOMA
Código de idioma para texto/pista de sonido o título separado Inglés
044 ## - PAÍS DE PUBLICACIÓN
País de publicación Estados Unidos
082 04 - NUMERO DE CLASIFICACION DECIMAL DEWEY
Número de clasificación 333.95416
Número del ítem M58m
245 00 - MENCION DE TITULO
Título Metapopulations and wildlife conservation /
Mención de responsabilidad edited by Dale R. McCullough.
260 ## - PUBLICACION, DISTRIBUCION, ETC. (PIE DE IMPRENTA)
Lugar de publicación, distribución, etc. Washington, D.C. :
Nombre del editor, distribuidor, etc. Island Press,
Fecha de publicación, distribución, etc. 1996.
300 ## - DESCRIPCION FISICA
Extensión 429 páginas :
Otros detalles físicos Ilustraciones, mapas, gráficos ;
Dimensiones 23 x 16 cm.
504 ## - NOTA DE BIBLIOGRAFIA, ETC.
Nota de bibliografía Incluye referencias bibliográficas e índice.
650 14 - ASIENTO SECUNDARIO DE MATERIA - TERMINO TEMATICO
Término temático o nombre geográfico como elemento de entrada Conservación de la vida silvestre
9 (RLIN) 158
650 14 - ASIENTO SECUNDARIO DE MATERIA - TERMINO TEMATICO
Término temático o nombre geográfico como elemento de entrada Mamíferos
9 (RLIN) 57316
650 24 - ASIENTO SECUNDARIO DE MATERIA - TERMINO TEMATICO
Término temático o nombre geográfico como elemento de entrada Población de aves
9 (RLIN) 25282
650 24 - ASIENTO SECUNDARIO DE MATERIA - TERMINO TEMATICO
Término temático o nombre geográfico como elemento de entrada Gestión de la vida silvestre
9 (RLIN) 57318
700 1# - ASIENTO SECUNDARIO - NOMBRE PERSONAL
Nombre personal McCullough, Dale R.,
Fechas asociadas con el nombre 1933-
Término de relación editor.
9 (RLIN) 57319
710 2# - ASIENTO SECUNDARIO - NOMBRE CORPORATIVO
Nombre corporativo o de jurisdicción como elemento de entrada Wildlife Society.
Unidad subordinada Meeting
Number of part/section/meeting (1st :
Lugar de la reunión Albuquerque, (N.M.))
9 (RLIN) 57320
942 ## - ELEMENTOS ADICIONALES (KOHA)
Sistema de clasificación Dewey Decimal Classification
Tipo de ítem Libro
Existencias
Withdrawn status Lost status Sistema de Clasificación Damaged status No para préstamo Colección Inventariado Ubicación Permanente Ubicación actual Fecha de adquisición Fuente de Valor Valor Total Checkouts Número topográfico Inventario / Código de Barras Date last seen Ejemplar Price effective from Forma de adquisición Tipo de material
    Dewey Decimal Classification     General Inventariado 2017 Bogotá Bogotá 11/02/2002 Instituto 39000.00   LB-333.95416 M58m 000851 04/12/2012 Ej. 1 04/12/2012   Libro